000
00298nam a22001337a 4500
008
180926b xxu||||| |||| 00| 0 eng d
020
_a
9780534527099
041
_a
eng
080
_a
612.39
100
_a
10
101
_a
NUT
245
_a
Medical Nutrition Therapy
_c
Nelms, M.N
942
_2
udc
_c
BK
999
_c
48518
_d
48518